000 00473nam a2200181Ia 4500
001 23139
005 20260414150917.0
008 260414t2018||||xx |||||||||||||| ||spa||
041 _aESP
082 _a624.18341
_bP43 T. 2
100 _aPerles, Pedro
_eAUT
245 0 _aHormigón armado :
_bintroducción a la nueva norma CIRSOC 201-05-A.C.I. 318
260 _c2018
300 _a162 páginas :
_c28 cm.
650 _a0
654 _aCIC
942 _cLIB
_dJUS
_fJUS
_2ddc
_n
999 _c23139
_d23139